[Event "TCh-TUR Super League 2015"]
[Site "Kocaeli TUR"]
[Date "2015.08.09"]
[Round "7.1"]
[Board "7"]
[White "Eren, Ataberk"]
[Black "Ozen, Deniz"]
[Result "1/2-1/2"]
[BlackTitle "FM"]
[WhiteElo "1997"]
[BlackElo "2066"]
[WhiteTeam "Turk Hava Yollari (Thy) Sports Club"]
[BlackTeam "Kayseri Seker Sports Club"]
[WhiteFideId "6349765"]
[BlackFideId "6349196"]
[EventDate "2015.08.04"]

1. d4 d5 2. c4 e6 3. Nc3 Be7 4. Nf3 Nf6 5. Bg5 O-O 6. cxd5 exd5 7. Qc2 c6 8. e3
Nbd7 9. Bd3 Re8 10. O-O Nf8 11. Rab1 a5 12. a3 Ng6 13. b4 axb4 14. axb4 Bd6 15.
Rfe1 Bg4 16. Nh4 Be6 17. Nxg6 hxg6 18. h3 Qd7 19. Ne2 Nh5 20. Nf4 Nxf4 21. Bxf4
Bxf4 22. exf4 Bf5 23. Bxf5 Qxf5 24. Qxf5 gxf5 25. g3 Re4 26. Rxe4 fxe4 27. b5
Ra4 28. bxc6 bxc6 29. Rb8+ Kh7 30. Rc8 Rxd4 31. Rxc6 Rd1+ 32. Kg2 d4 33. f5 d3
34. Rd6 g6 35. f6 Kh6 36. Rd5 g5 37. g4 Kg6 38. Rd6 Rc1 39. Kg3 Ra1 40. Kg2 Rb1
41. Kg3 Rc1 42. Kg2 Re1 43. Kg3 Re2 44. Kg2 d2 45. Kg3 Kh7 46. Rd5 Kh6 47. Rd7
Kg6 48. Rd6 e3 49. fxe3 Rxe3+ 50. Kg2 Re2+ 51. Kf3 Rh2 52. Kg3 Re2 53. Kf3 Rh2
54. Kg3 Re2 55. Kf3 Re6 56. Rxd2 Rxf6+ 57. Kg3 Ra6 58. Rd5 Ra3+ 59. Kg2 1/2-1/2

[Event "TCh-TUR Super League 2015"]
[Site "Kocaeli TUR"]
[Date "2015.08.09"]
[Round "7.1"]
[Board "8"]
[White "Aksoy, Ayca"]
[Black "Dogan, Sevval"]
[Result "1/2-1/2"]
[WhiteElo "1758"]
[BlackElo "1737"]
[WhiteTeam "Kayseri Seker Sports Club"]
[BlackTeam "Turk Hava Yollari (Thy) Sports Club"]
[WhiteFideId "6355978"]
[BlackFideId "6322565"]
[EventDate "2015.08.04"]

1. Nf3 Nf6 2. d4 g6 3. c4 Bg7 4. g3 d6 5. Bg2 Nbd7 6. Nc3 O-O 7. O-O e5 8. e4 c6
9. b3 exd4 10. Nxd4 Nc5 11. Bb2 Re8 12. Re1 Qc7 13. Qc2 Ne6 14. Nf3 Nd7 15. Rad1
Ne5 16. Qd2 Nxf3+ 17. Bxf3 Nd4 18. Qd3 Nxf3+ 19. Qxf3 Be6 20. Rd2 Rad8 21. Ne2
Bxb2 22. Rxb2 d5 23. cxd5 cxd5 24. Nf4 dxe4 25. Qxe4 Bxb3 26. Qxe8+ Rxe8 27.
Rxe8+ Kg7 28. Ree2 Bd1 29. Red2 Bf3 30. Rbc2 Qe7 31. Rc1 h5 32. Ng2 Bc6 33. Re1
Qg5 34. Ree2 Qd5 35. f4 Qd4+ 36. Rf2 Qd5 37. Rfe2 b5 1/2-1/2

[Event "TCh-TUR Super League 2015"]
[Site "Kocaeli TUR"]
[Date "2015.08.09"]
[Round "7.2"]
[Board "2"]
[White "Ipatov, Alexander"]
[Black "Benidze, Davit"]
[Result "1-0"]
[WhiteTitle "GM"]
[BlackTitle "GM"]
[WhiteElo "2621"]
[BlackElo "2469"]
[WhiteTeam "Istanbul Technical University Sports Club"]
[BlackTeam "Kahramanmaras Buyuksehir Belediye Sports Club"]
[WhiteFideId "14116731"]
[BlackFideId "13603086"]
[EventDate "2015.08.04"]

1. d4 Nf6 2. c4 c5 3. d5 e6 4. Nc3 exd5 5. cxd5 d6 6. e4 g6 7. Bd3 Bg7 8. h3 O-O
9. Nf3 a6 10. a4 Nbd7 11. O-O Nh5 12. Bg5 Bf6 13. Bd2 Ne5 14. Nxe5 Bxe5 15. f4
Bd4+ 16. Kh2 Qh4 17. Be1 Qe7 18. g4 Ng7 19. Qf3 Bd7 20. Ne2 Bxb2 21. Rb1 Ba3 22.
a5 Bb4 23. Bxb4 cxb4 24. Rxb4 Bb5 25. Bxb5 axb5 26. Rxb5 Rfe8 27. Ng3 Qc7 28. e5 1-0

[Event "TCh-TUR Super League 2015"]
[Site "Kocaeli TUR"]
[Date "2015.08.09"]
[Round "7.2"]
[Board "3"]
[White "Soysal, Serkan"]
[Black "Can, Emre"]
[Result "1/2-1/2"]
[WhiteTitle "FM"]
[BlackTitle "GM"]
[WhiteElo "2293"]
[BlackElo "2547"]
[WhiteTeam "Kahramanmaras Buyuksehir Belediye Sports Club"]
[BlackTeam "Istanbul Technical University Sports Club"]
[WhiteFideId "6349250"]
[BlackFideId "6302181"]
[EventDate "2015.08.04"]

1. d4 d5 2. c4 e6 3. Nf3 c6 4. Qc2 Nf6 5. g3 dxc4 6. Qxc4 b5 7. Qb3 Bb7 8. Bg2
a6 9. a4 c5 10. axb5 c4 11. Qd1 axb5 12. Rxa8 Bxa8 13. O-O Be7 14. b3 cxb3 15.
Qxb3 b4 16. Bb2 Bd5 17. Qa4+ Qd7 18. Qxd7+ Nbxd7 19. Nbd2 O-O 20. Ra1 Rc8 21.
Ne1 Nb6 22. Bxd5 Nfxd5 23. Ra6 f5 24. e3 Kf7 25. Kf1 Ke8 26. Ke2 Kd7 27. Nd3 Kc6
28. Nb3 Kb7 29. Ra1 Nc4 30. Rc1 Kb6 31. Ne5 Kb5 32. Nxc4 Rxc4 33. Rxc4 Kxc4 34.
Nd2+ Kb5 35. Kd3 Ka4 36. Kc2 g5 37. h3 h5 38. Kd3 b3 39. Nc4 g4 40. hxg4 hxg4
41. e4 Nf6 42. exf5 exf5 43. Ne3 Ba3 44. Bc3 Ne4 45. Nxf5 Nxf2+ 46. Ke2 Ne4 47.
Ba1 b2 48. Bxb2 Bxb2 49. Ke3 Nxg3 1/2-1/2

[Event "TCh-TUR Super League 2015"]
[Site "Kocaeli TUR"]
[Date "2015.08.09"]
[Round "7.2"]
[Board "4"]
[White "Kinsiz, Onur"]
[Black "Isik, Engin Yasar"]
[Result "1-0"]
[WhiteElo "2250"]
[BlackElo "2188"]
[WhiteTeam "Istanbul Technical University Sports Club"]
[BlackTeam "Kahramanmaras Buyuksehir Belediye Sports Club"]
[WhiteFideId "6301517"]
[BlackFideId "6301886"]
[EventDate "2015.08.04"]

1. e4 e6 2. d4 d5 3. Nd2 Nf6 4. e5 Nfd7 5. c4 dxc4 6. Nxc4 Bb4+ 7. Bd2 Nc6 8.
Nf3 Qe7 9. a3 Bxd2+ 10. Qxd2 b6 11. Be2 Bb7 12. O-O O-O-O 13. Qe3 g5 14. Rfd1 g4
15. Ng5 b5 16. Nd2 Nxd4 17. Bd3 Nc5 18. Be4 Nxe4 19. Ngxe4 Nc2 20. Qxa7 Nxa1 21.
Rxa1 Rd5 22. Nb3 Rhd8 23. Nc3 Qd7 24. Rf1 Rxe5 25. Na5 c6 26. g3 Qc7 27. Rc1 Rd3
28. a4 Rxc3 29. bxc3 bxa4 30. Nc4 Rb5 31. Rd1 c5 32. f3 Bd5 33. Qa6+ Rb7 34.
Nd6+ Kb8 35. Nxb7 Bxb7 36. Qxa4 c4 37. Qe8+ Ka7 38. Ra1+ Ba6 39. Qb5 Qd6 40.
fxg4 e5 41. g5 1-0

[Event "TCh-TUR Super League 2015"]
[Site "Kocaeli TUR"]
[Date "2015.08.09"]
[Round "7.2"]
[Board "5"]
[White "Isgandarova, Khayala"]
[Black "Asan, Elvan"]
[Result "1-0"]
[WhiteTitle "WIM"]
[WhiteElo "2245"]
[BlackElo "1810"]
[WhiteTeam "Kahramanmaras Buyuksehir Belediye Sports Club"]
[BlackTeam "Istanbul Technical University Sports Club"]
[WhiteFideId "13401823"]
[BlackFideId "6312209"]
[EventDate "2015.08.04"]

1. e4 c5 2. Nf3 d6 3. d4 cxd4 4. Nxd4 g6 5. c4 Bg7 6. Nc3 Nc6 7. Be3 Nf6 8. Be2
O-O 9. O-O a6 10. Rc1 Bd7 11. f4 Rc8 12. b3 Ne8 13. Bf3 e6 14. Qd2 Nxd4 15. Bxd4
Qc7 16. Rfd1 Rd8 17. Bxg7 Kxg7 18. Qd4+ e5 19. Qf2 Bc6 20. b4 Nf6 21. b5 Be8 22.
fxe5 dxe5 23. Rxd8 Qxd8 24. bxa6 bxa6 25. Nd5 Bc6 26. Qc5 Ba8 27. Rb1 Nd7 28.
Qd6 Bxd5 29. cxd5 Qc8 30. Qc6 Nf6 31. Rb6 Qxc6 32. Rxc6 Ra8 33. Kf2 a5 34. Ke3
a4 35. d6 a3 36. Rc5 Nd7 37. Rc7 Nf6 38. Re7 Rb8 39. Rxe5 Rb2 40. Ra5 Rxa2 41.
e5 Nd7 42. e6 fxe6 43. Ra7 Kf6 44. Rxd7 Ra1 45. Ra7 a2 46. Kf2 h6 47. Ra8 Rb1
48. Rxa2 1-0

[Event "TCh-TUR Super League 2015"]
[Site "Kocaeli TUR"]
[Date "2015.08.09"]
[Round "7.2"]
[Board "6"]
[White "Bortnyk, Olexandr"]
[Black "Percin, Onder"]
[Result "1-0"]
[WhiteTitle "IM"]
[WhiteElo "2553"]
[BlackElo "1932"]
[WhiteTeam "Istanbul Technical University Sports Club"]
[BlackTeam "Kahramanmaras Buyuksehir Belediye Sports Club"]
[WhiteFideId "14120828"]
[BlackFideId "6345190"]
[EventDate "2015.08.04"]

1. e4 e5 2. Nf3 Nc6 3. Bc4 Nf6 4. Ng5 d5 5. exd5 Na5 6. Bb5+ c6 7. dxc6 bxc6 8.
Bd3 h6 9. Ne4 Nd5 10. O-O Be7 11. Re1 O-O 12. Ng3 Bd6 13. Bf5 Ne7 14. Bxc8 Rxc8
15. b3 c5 16. Bb2 Nac6 17. Na3 Bc7 18. Nc4 Ng6 19. d3 Nd4 20. Bxd4 exd4 21. Qh5
Bb8 22. Re4 Rc6 23. Nf5 Rf6 24. Rae1 Qc7 25. g3 Qd7 26. Ne7+ Nxe7 27. Rxe7 Qc6
28. Qg4 Bc7 29. Qe4 Bb6 30. Qxc6 Rxc6 31. a4 Bc7 32. Rd7 a6 33. Ree7 Bd8 34.
Rxf7 Rxf7 35. Rxf7 Kxf7 36. Ne5+ Ke6 37. Nxc6 Bc7 38. b4 cxb4 39. Nxd4+ Kd5 40.
Nb3 g5 41. Kg2 g4 42. h3 h5 43. hxg4 hxg4 44. f3 gxf3+ 45. Kxf3 Ke5 46. Kg4 Bd8
47. Kh5 Be7 48. g4 Kf4 49. Nd4 Bf6 50. Nc6 Bc3 51. g5 Ke3 52. g6 Kd2 53. d4 Kxc2
54. Nxb4+ Bxb4 55. g7 Kb3 56. g8=Q+ Kxa4 57. Qa2+ Kb5 58. Kg6 1-0

[Event "TCh-TUR Super League 2015"]
[Site "Kocaeli TUR"]
[Date "2015.08.09"]
[Round "7.2"]
[Board "7"]
[White "Yaran, Siar"]
[Black "Tarlabasi, Emirhan"]
[Result "0-1"]
[WhiteTitle "CM"]
[WhiteElo "2179"]
[BlackElo "2004"]
[WhiteTeam "Kahramanmaras Buyuksehir Belediye Sports Club"]
[BlackTeam "Istanbul Technical University Sports Club"]
[WhiteFideId "6323006"]
[BlackFideId "6350275"]
[EventDate "2015.08.04"]

1. c4 e6 2. Nc3 d5 3. d4 Nf6 4. Bg5 Be7 5. Nf3 O-O 6. e3 h6 7. Bh4 b6 8. cxd5
Nxd5 9. Bxe7 Qxe7 10. Nxd5 exd5 11. Rc1 Bb7 12. Be2 c5 13. dxc5 bxc5 14. O-O Nd7
15. Qd3 Qe6 16. Rfd1 Rfd8 17. Qa3 Qb6 18. Rd3 a6 19. Rb3 Qa7 20. Qa5 Rac8 21.
Rbc3 Qb8 22. b4 d4 23. exd4 Bxf3 24. Rxf3 cxd4 25. Rxc8 Rxc8 26. Bxa6 Rc1+ 27.
Bf1 Ne5 28. Rg3 Nc4 29. Qc5 Qf4 30. Rd3 Rxf1+ 31. Kxf1 Qc1+ 32. Ke2 Qc2+ 33. Kf3
Qxd3+ 34. Kf4 g5+ 35. Kg4 Qe4+ 0-1

[Event "TCh-TUR Super League 2015"]
[Site "Kocaeli TUR"]
[Date "2015.08.09"]
[Round "7.2"]
[Board "8"]
[White "Hereklioglu, Sude"]
[Black "Ayan, Bengu Sena"]
[Result "1-0"]
[WhiteTitle "WCM"]
[WhiteElo "1796"]
[BlackElo "1693"]
[WhiteTeam "Istanbul Technical University Sports Club"]
[BlackTeam "Kahramanmaras Buyuksehir Belediye Sports Club"]
[WhiteFideId "6359531"]
[BlackFideId "6346120"]
[EventDate "2015.08.04"]

1. e4 e6 2. d4 d5 3. Nc3 Nf6 4. Bg5 dxe4 5. Nxe4 Nbd7 6. Bd3 h6 7. Bxf6 Nxf6 8.
Nf3 Nxe4 9. Bxe4 c5 10. c3 Qb6 11. Qe2 Be7 12. O-O O-O 13. Rad1 Bf6 14. dxc5
Qxc5 15. Bb1 a6 16. Rfe1 Qb5 17. Qxb5 axb5 18. a3 b6 19. Rd6 Rb8 20. Bd3 Be7 21.
Rd4 Bc5 22. Rde4 Bd7 23. Ne5 f5 24. R4e2 Be8 25. Rd2 Rd8 26. Kf1 g5 27. Red1 Rd5
28. Re1 Bd6 29. Nf3 Bf4 30. Rdd1 Bh5 31. Be2 Rfd8 32. Rxd5 Rxd5 33. g3 Bc7 34.
Nd4 Bxe2+ 35. Rxe2 Kf7 36. Nxe6 Be5 37. Nd8+ Kf6 38. Nc6 Bd6 39. Nb4 Rd1+ 40.
Kg2 Be5 41. Nc6 Bd6 42. Nd4 Be5 43. Nxb5 Rd5 44. a4 h5 45. Na3 Rc5 46. Re1 g4
47. Kf1 Ke6 48. Ke2 Ra5 49. Nc4 Rd5 50. Kf1 b5 51. Nxe5 bxa4 52. Nc4+ Kf6 53.
Ra1 a3 54. Nxa3 Rd2 55. b4 Rb2 56. b5 Rb3 57. c4 1-0

[Event "TCh-TUR Super League 2015"]
[Site "Kocaeli TUR"]
[Date "2015.08.09"]
[Round "7.3"]
[Board "1"]
[White "Haznedaroglu, Kivanc"]
[Black "Morchiashvili, Bachana"]
[Result "1-0"]
[WhiteTitle "GM"]
[BlackTitle "IM"]
[WhiteElo "2451"]
[BlackElo "2318"]
[WhiteTeam "T.S Alyans Satranc Sports Club"]
[BlackTeam "Pamukkale Yonetimi Bilisim Sistemleri Zeka"]
[WhiteFideId "6300634"]
[BlackFideId "13602535"]
[EventDate "2015.08.04"]

1. d4 Nf6 2. c4 g6 3. g3 Bg7 4. Bg2 O-O 5. Nf3 d6 6. O-O Nbd7 7. Qc2 e5 8. Rd1
Re8 9. Nc3 c6 10. e4 a5 11. dxe5 dxe5 12. c5 Qc7 13. Na4 Nf8 14. Nb6 Ra6 15.
Nxc8 Rxc8 16. Bh3 Re8 17. Be3 Ne6 18. Rd6 Nf8 19. Rad1 Raa8 20. Bg5 Qe7 21. Nd2
h6 22. Be3 N6h7 23. Nc4 Ng5 24. Bxg5 Qxg5 25. Qd2 Qxd2 26. R1xd2 h5 27. Nb6 Rab8
28. R2d3 Bh6 29. Ra3 Bc1 30. Nc4 Ra8 31. Rd1 Bg5 32. Rxa5 Be7 33. b4 Rxa5 34.
Nxa5 Ra8 35. Nxb7 Rxa2 36. Bd7 Nxd7 37. Rxd7 Kf8 38. Kg2 Ra7 39. h4 f6 40. Rc7
f5 41. exf5 gxf5 42. Rc8+ 1-0

[Event "TCh-TUR Super League 2015"]
[Site "Kocaeli TUR"]
[Date "2015.08.09"]
[Round "7.3"]
[Board "2"]
[White "Komut, Kaan"]
[Black "Arduman, Can"]
[Result "0-1"]
[BlackTitle "IM"]
[WhiteElo "1919"]
[BlackElo "2328"]
[WhiteTeam "Pamukkale Yonetimi Bilisim Sistemleri Zeka"]
[BlackTeam "T.S Alyans Satranc Sports Club"]
[WhiteFideId "6309992"]
[BlackFideId "6300022"]
[EventDate "2015.08.04"]

1. e4 e5 2. Nf3 Nc6 3. Bb5 a6 4. Ba4 Nf6 5. O-O Be7 6. Re1 b5 7. Bb3 d6 8. c3
O-O 9. h3 Bb7 10. d4 h6 11. Nbd2 Re8 12. Nf1 Bf8 13. Ng3 Qd7 14. a4 Rad8 15.
axb5 axb5 16. d5 Ne7 17. Ra7 c6 18. Nf5 Nxf5 19. dxc6 Qxc6 20. exf5 Ra8 21. Rxa8
Rxa8 22. Nh4 Ra1 23. Qd3 d5 24. Bd2 Rxe1+ 25. Bxe1 Be7 26. Qe2 Nd7 27. Nf3 Bf6
28. Bd2 Nc5 29. Bc2 d4 30. cxd4 exd4 31. Bd3 Nxd3 32. Qxd3 Qc4 33. Ne1 Qxd3 34.
Nxd3 Be4 35. Nc5 Bxf5 36. g4 Be6 37. Nxe6 fxe6 38. Kg2 e5 39. f3 Bg5 40. Ba5 Kf7
41. Kf2 d3 42. Bb6 Ke6 43. Be3 Bf4 44. h4 Kd5 45. b3 g5 46. h5 d2 0-1

[Event "TCh-TUR Super League 2015"]
[Site "Kocaeli TUR"]
[Date "2015.08.09"]
[Round "7.3"]
[Board "3"]
[White "Sirin, Atakan"]
[Black "Yurtsever, Senel"]
[Result "1-0"]
[WhiteElo "2243"]
[BlackElo "1843"]
[WhiteTeam "T.S Alyans Satranc Sports Club"]
[BlackTeam "Pamukkale Yonetimi Bilisim Sistemleri Zeka"]
[WhiteFideId "6303307"]
[BlackFideId "6390005"]
[EventDate "2015.08.04"]

1. d4 d5 2. c4 c6 3. Nc3 Nf6 4. e3 e6 5. Nf3 Nbd7 6. Qc2 Be7 7. g4 Nxg4 8. Rg1
f5 9. h3 Ngf6 10. Rxg7 Kf8 11. Rg2 Ne4 12. Bd2 Bh4 13. Nxe4 fxe4 14. Nxh4 Qxh4
15. Bb4+ Kf7 16. Rg4 Qh6 17. Rf4+ Nf6 18. O-O-O Bd7 19. f3 exf3 20. Rxf3 Ke8 21.
Bd3 b5 22. Qf2 Nh5 23. Qh4 1-0

[Event "TCh-TUR Super League 2015"]
[Site "Kocaeli TUR"]
[Date "2015.08.09"]
[Round "7.3"]
[Board "4"]
[White "Erkan, Basar"]
[Black "Akcan, Umit"]
[Result "1/2-1/2"]
[WhiteElo "1668"]
[BlackElo "2016"]
[WhiteTeam "Pamukkale Yonetimi Bilisim Sistemleri Zeka"]
[BlackTeam "T.S Alyans Satranc Sports Club"]
[WhiteFideId "6349790"]
[BlackFideId "6301371"]
[EventDate "2015.08.04"]

1. d4 d5 2. c4 e6 3. Nc3 Nf6 4. Bg5 Nbd7 5. e3 c6 6. Nf3 Qa5 7. Bxf6 Nxf6 8. Nd2
Bb4 9. Qc2 O-O 10. Bd3 Qd8 11. O-O b6 12. Rfd1 Bb7 13. e4 Bxc3 14. bxc3 dxe4 15.
Nxe4 Nxe4 16. Bxe4 g6 17. a4 Qc7 18. a5 e5 19. a6 Bc8 20. dxe5 Qxe5 21. Bxc6 Bf5
22. Qb3 Rac8 23. Bd5 Rc5 24. Re1 Qc7 25. Re3 1/2-1/2

[Event "TCh-TUR Super League 2015"]
[Site "Kocaeli TUR"]
[Date "2015.08.09"]
[Round "7.3"]
[Board "6"]
[White "Oz, Ozan"]
[Black "Dedebas, Emre Emin"]
[Result "0-1"]
[WhiteElo "1807"]
[BlackElo "1975"]
[WhiteTeam "Pamukkale Yonetimi Bilisim Sistemleri Zeka"]
[BlackTeam "T.S Alyans Satranc Sports Club"]
[WhiteFideId "6349188"]
[BlackFideId "6349005"]
[EventDate "2015.08.04"]

1. d4 d5 2. Nc3 Nf6 3. Bf4 c6 4. f3 Qb6 5. Qd3 Qxb2 6. Rb1 Qa3 7. Nxd5 Qa5+ 8.
Nb4 e5 9. Bd2 Qc7 10. dxe5 Qxe5 11. f4 Qc7 12. c4 a5 13. Nc2 Na6 14. Be3 Nc5 15.
Bxc5 Bxc5 16. g3 O-O 17. Bh3 Rd8 18. Qb3 Ne4 19. Ne3 Nd2 0-1

[Event "TCh-TUR Super League 2015"]
[Site "Kocaeli TUR"]
[Date "2015.08.09"]
[Round "7.3"]
[Board "8"]
[White "Celik, Eda"]
[Black "Ozbay, Ece"]
[Result "0-1"]
[BlackTitle "WCM"]
[WhiteElo "1656"]
[BlackElo "1804"]
[WhiteTeam "Pamukkale Yonetimi Bilisim Sistemleri Zeka"]
[BlackTeam "T.S Alyans Satranc Sports Club"]
[WhiteFideId "6351727"]
[BlackFideId "6351743"]
[EventDate "2015.08.04"]

1. e4 c5 2. Nf3 Nc6 3. Bb5 g6 4. Bxc6 dxc6 5. d3 Bg7 6. h3 Nf6 7. Nc3 O-O 8. Bf4
Ne8 9. Qd2 f6 10. Bh6 e5 11. O-O Qe7 12. Bxg7 Nxg7 13. Qe3 b6 14. a4 a5 15. Nd2
g5 16. Nf3 Ra7 17. Ne2 Rd8 18. Rfd1 Rad7 19. c3 Ba6 20. Nc1 Ne6 21. g3 Rd6 22.
h4 h6 23. hxg5 hxg5 24. Nh2 Qd7 25. Ng4 Kg7 26. Qf3 Qf7 27. Ne3 R6d7 28. Nf5+
Kf8 29. Kg2 Qg6 30. Rh1 Rh7 31. Rxh7 Qxh7 32. Ne3 Qg6 33. Ng4 Ke7 34. Qe3 Bc8
35. Qf3 Nf4+ 36. gxf4 gxf4 37. b3 Bxg4 0-1

[Event "TCh-TUR Super League 2015"]
[Site "Kocaeli TUR"]
[Date "2015.08.09"]
[Round "7.4"]
[Board "1"]
[White "Volkov, Sergey"]
[Black "Mamedov, Nidjat"]
[Result "1/2-1/2"]
[WhiteTitle "GM"]
[BlackTitle "GM"]
[WhiteElo "2589"]
[BlackElo "2597"]
[WhiteTeam "Kocaeli Buyuksehir Belediyesi Kagit Sports Club"]
[BlackTeam "Calli Sports Club"]
[WhiteFideId "4122763"]
[BlackFideId "13400819"]
[EventDate "2015.08.04"]

1. d4 Nf6 2. c4 e6 3. Nf3 b6 4. g3 Ba6 5. Qa4 Be7 6. Bg2 O-O 7. Nc3 c6 8. Ne5
Qc8 9. Bf4 d5 10. Rc1 dxc4 11. Nxc6 1/2-1/2

[Event "TCh-TUR Super League 2015"]
[Site "Kocaeli TUR"]
[Date "2015.08.09"]
[Round "7.4"]
[Board "2"]
[White "Laciner, Kerem"]
[Black "Ari, Zeki"]
[Result "1-0"]
[WhiteTitle "FM"]
[BlackTitle "FM"]
[WhiteElo "2272"]
[BlackElo "2192"]
[WhiteTeam "Calli Sports Club"]
[BlackTeam "Kocaeli Buyuksehir Belediyesi Kagit Sports Club"]
[WhiteFideId "6301550"]
[BlackFideId "6300421"]
[EventDate "2015.08.04"]

1. d4 d5 2. c4 c6 3. Nc3 Nf6 4. e3 e6 5. Nf3 Nbd7 6. Qc2 Bd6 7. g4 Bb4 8. Bd2
Qe7 9. g5 Bxc3 10. Bxc3 Ne4 11. Rg1 f5 12. gxf6 Qxf6 13. Be2 O-O 14. Rg2 Qh6 15.
O-O-O Kh8 16. Rdg1 g6 17. h4 b6 18. h5 gxh5 19. Qxe4 dxe4 20. d5+ Nf6 21. Ne5
Ba6 22. Rg8+ 1-0

[Event "TCh-TUR Super League 2015"]
[Site "Kocaeli TUR"]
[Date "2015.08.09"]
[Round "7.4"]
[Board "3"]
[White "Ersahin, Bulent"]
[Black "Ertan, Can"]
[Result "1/2-1/2"]
[BlackTitle "FM"]
[WhiteElo "2171"]
[BlackElo "2238"]
[WhiteTeam "Kocaeli Buyuksehir Belediyesi Kagit Sports Club"]
[BlackTeam "Calli Sports Club"]
[WhiteFideId "6302670"]
[BlackFideId "6306330"]
[EventDate "2015.08.04"]

1. d4 Nf6 2. Nf3 d5 3. g3 c5 4. Bg2 cxd4 5. O-O Bd7 6. Bf4 Nc6 7. Nxd4 Qb6 8.
Nxc6 Bxc6 9. Be5 e6 10. a4 a5 11. Nc3 Be7 12. e4 dxe4 13. Bxf6 Rd8 14. Qh5 Bxf6
15. Nxe4 Be7 16. Rad1 O-O 17. b3 h6 18. Rxd8 Rxd8 19. Rd1 Rd4 20. Rxd4 Qxd4 21.
Qe2 Bb4 22. g4 e5 23. Ng3 Bd7 24. h3 b6 25. Be4 g6 26. Qf3 Kg7 27. h4 Bc5 28.
Kg2 Qd2 29. h5 Qf4 30. hxg6 fxg6 31. Qxf4 exf4 32. Ne2 Bxg4 33. Nxf4 g5 34. f3
Bd7 35. Nh5+ Kf7 36. f4 Bg4 37. Bf3 Bf5 38. fxg5 Bxc2 39. gxh6 Bxb3 40. h7 Bd4
41. Bc6 Bc2 42. Kf3 Be5 43. Nf4 Kg7 44. Be4 Bd1+ 45. Ke3 Bd6 46. Ne6+ Kh8 47.
Ng5 Bb3 48. Bg6 Bc5+ 49. Kd3 Kg7 50. Nf7 Bxf7 51. Bxf7 Kxh7 52. Be8 Kg7 53. Bb5
Kf6 1/2-1/2

[Event "TCh-TUR Super League 2015"]
[Site "Kocaeli TUR"]
[Date "2015.08.09"]
[Round "7.4"]
[Board "4"]
[White "Saba, Zafer Rabin"]
[Black "Kucumenler, Tarkan"]
[Result "0-1"]
[WhiteElo "1989"]
[BlackElo "2050"]
[WhiteTeam "Calli Sports Club"]
[BlackTeam "Kocaeli Buyuksehir Belediyesi Kagit Sports Club"]
[WhiteFideId "6329500"]
[BlackFideId "6301010"]
[EventDate "2015.08.04"]

1. d4 Nf6 2. Nf3 g6 3. g3 Bg7 4. c4 O-O 5. Bg2 c6 6. O-O d5 7. cxd5 cxd5 8. Ne5
e6 9. Nc3 Nfd7 10. f4 Nc6 11. Be3 Qb6 12. Qd2 Qa6 13. g4 Ne7 14. a4 f5 15. h3
Nxe5 16. fxe5 Bd7 17. Bg5 Rf7 18. Rac1 Kh8 19. b4 Qb6 20. Kh1 Rc8 21. b5 Rc4 22.
Rfd1 Qa5 23. Bxe7 Rxe7 24. gxf5 gxf5 25. Qg5 Re8 26. Rd3 Qd8 27. Qh5 Qe7 28. Rg1
Rec8 29. Nxd5 exd5 30. Bxd5 Rc1 31. Rg3 Rxg1+ 32. Rxg1 Be6 33. Qf3 Bxd5 34. Qxd5
Rd8 35. Qf3 Rxd4 36. Qxf5 Rd8 37. e6 Rf8 38. Qe4 Re8 39. Qg4 Bf6 40. Qf3 Qxe6
41. Rf1 Bg7 42. Rc1 Rf8 43. Qd3 Be5 44. Rd1 Rg8 45. Qe3 Qf5 46. Qf3 Qg5 47. e3
Qh4 48. a5 b6 49. a6 Qg5 50. Qf2 Qh5 51. Qf1 Qh4 52. Qf3 Qg5 53. Qf2 Bg7 54. Rg1
Qd5+ 55. Qg2 Qxb5 56. Qb7 Qh5 57. Rg3 Qd1+ 58. Rg1 Qh5 59. Rg3 Qe5 60. Qf3 Re8
61. Kg2 Qe4 62. Qxe4 Rxe4 63. Rg5 Rxe3 64. Rd5 Re8 65. Rd7 Ra8 66. Kf3 b5 67.
Rb7 Bd4 68. Rxb5 Re8 69. Rb7 Bb6 70. Kf4 Re6 71. Kf5 Rh6 72. Kg4 Bg1 73. Rb1
Rxa6 74. Kf5 Rg6 75. Rb8+ Rg8 76. Rb5 Ra8 77. Ra5 a6 78. Ke6 Bd4 79. Kd5 Bc3 80.
Ra3 Bb4 81. Ra4 a5 82. Ke4 Kg7 83. Kf5 Kh6 84. Kg4 Kg6 85. Kf4 Kh5 86. Kg3 Kg5
87. h4+ Kf5 88. Kf3 Ke5 89. Ke3 Rg8 90. Ra2 Rg3+ 91. Kf2 Rh3 92. Re2+ Kd4 0-1

[Event "TCh-TUR Super League 2015"]
[Site "Kocaeli TUR"]
[Date "2015.08.09"]
[Round "7.4"]
[Board "5"]
[White "Nikolova, Adriana"]
[Black "Mammadova, Gulnar"]
[Result "1/2-1/2"]
[WhiteTitle "WGM"]
[BlackTitle "WGM"]
[WhiteElo "2304"]
[BlackElo "2313"]
[WhiteTeam "Kocaeli Buyuksehir Belediyesi Kagit Sports Club"]
[BlackTeam "Calli Sports Club"]
[WhiteFideId "2908689"]
[BlackFideId "13403508"]
[EventDate "2015.08.04"]

1. e4 e6 2. d4 d5 3. Nd2 Nc6 4. Ngf3 Nf6 5. e5 Nd7 6. Bd3 Nb4 7. Be2 c5 8. c3
Nc6 9. O-O Be7 10. Re1 O-O 11. Bd3 a5 12. Bb1 cxd4 13. cxd4 f5 14. exf6 Nxf6 15.
Nf1 Bd6 16. Ng3 Qc7 17. Ng5 Bf4 18. Bxf4 Qxf4 19. Nf3 Bd7 20. a3 Rae8 1/2-1/2